00492cam a22001457a 4500008004000000020001500040082001500055100002700070245009700097260003100194300001000225650004800235650003100283650003200314180718b2001 xxu||||| |||| 00| 0 eng d a8124107661 aA6x54 B456 aBernard, Jean Alphonse aFrom raj to the republic: a political history of India (1935-2000)cby Jean Alphonse Bernard aNew DelhibHar-Anandc2001 a500p. aIndia - Politics and government - 1935-2000 aWorld politics - 1935-2000 aIndia - History - 1935-2000